00423cam a22001097a 4500008004000000082001700040245009000057260006700147300001000214650003900224700005000263180718b1962 xxu||||| |||| 00| 0 eng d aY26x545 N213 aDemand for energy in Southern Indiacby National Council of Applied Economic Research aNew DelhibNational Council of Applied Economic Researchc1962 a203p. aEnergy Resources - India, Southern aNational Council of Applied Economic Research